Billboard Hot Dance / Electronic Chart Year End 2020 - Statistics

General Stats
  • This quiz has been taken 7 times
  • The average score is 30 of 100
Answer Stats
Position on Year End Weeks On Peak Artist(s) Song % Correct
3 25 Weeks #1 Lady Gaga & Ariana Grande Rain on Me
100%
5 28 Weeks #1 Marshmello & Bastille Happier
80%
9 29 Weeks #2 Kygo x Whitney Houston Higher Love
80%
4 35 Weeks #1 surf mesa ft. Emilee ily
80%
27 23 Weeks #10 Lady Gaga 911
60%
6 27 Weeks #1 Lady Gaga Stupid Love
60%
82 7 Weeks #18 Lady Gaga 1000 Doves
40%
36 20 Weeks #7 Lady Gaga Alice
40%
70 11 Weeks #17 Lady Gaga Babylon
40%
8 35 Weeks #3 Topic x A7S Breaking Me
40%
67 13 Weeks #13 Lady Gaga Enigma
40%
28 24 Weeks #10 Galantis & Dolly Parton ft. Mr Probz Faith
40%
26 20 Weeks #6 The Chainsmokers with Kygo Family
40%
72 20 Weeks #27 Louis The Child with Drew Love Free
40%
32 20 Weeks #10 Lady Gaga Free Woman
40%
57 13 Weeks #13 Tiesto & Mabel God is a Dancer
40%
13 18 Weeks #4 Joel Corry & MNEK Head & Heart
40%
84 9 Weeks #14 Sigala & James Arthur Lasting Lover
40%
79 8 Weeks #9 David Guetta & Sia Let's Love
40%
40 7 Weeks #6 Dua Lipa + The Blessed Madonna (Madonna & Missy Elliot) Levitating
40%
74 20 Weeks #23 Joel Corry Lonely
40%
59 19 Weeks #18 Paul Woolford & Diplo ft. Kareen Lomax Looking for Me
40%
15 22 Weeks #4 MEDUZA x Becky Hill x GOODBOYS Lose Control
40%
10 25 Weeks #5 Kygo & OneRepublic Lose Somebody
40%
14 9 Weeks #2 Marshmello & Demi Lovato OK Not to Be OK
40%
11 28 Weeks #7 Sam Feldt ft. RANI Post Malone
40%
7 37 Weeks #3 DJ Regard Ride It.
40%
1 34 Weeks #1 SAINt JHN Roses (Imanbek Remix)
40%
19 26 Weeks #8 DJ Regard & RAYE Secrets
40%
55 20 Weeks #14 Lady Gaga & Elton John Sine from Above
40%
16 24 Weeks #3 Lady Gaga x BLACKPINK Sour Candy
40%
94 6 Weeks #14 Tiesto The Business
40%
76 20 Weeks #25 Jax Jones & Ella Henderson This Is Real
40%
48 11 Weeks #10 Clean Bandit & Mabel ft. 24kGoldn Tick Tock
40%
45 17 Weeks #11 Riton & Oliver Heldens ft. Vula Turn Me On
40%
37 16 Weeks #7 Kygo & Tina Turner What's Love Got to Do with It
40%
92 10 Weeks #17 Topic & A7S ft. Lil Baby Why Do You Lie to Me
40%
77 16 Weeks #14 Silva Hound ft. Michael Kovach & Chi-Chi Addict
20%
66 20 Weeks #16 Loud Luxury ft. Morgan St. Jean Aftertaste
20%
47 20 Weeks #11 Alan Walker & Ava Max Alone Pt. II
20%
43 20 Weeks #13 Vicetone & Tony Igy Astronomia
20%
61 16 Weeks #16 Jennifer Lopez Baila Conmigo
20%
62 5 Weeks #10 Dayvi & Victor Cardenas ft. Kelly Ruiz Baila Conmigo
20%
99 9 Weeks #12 Disclosure, Kehlani & Syd Birthday
20%
42 23 Weeks #14 Gryffin & Maia Wright Body Back
20%
44 20 Weeks #13 Kygo & Kim Petras Broken Glass
20%
80 3 Weeks #10 The Chainsmokers & Bebe Rexha Call You Mine
20%
29 18 Weeks #8 Jason Derulo x Puri x Jhorrmountain or x Adje Cono
20%
81 14 Weeks #12 Gryffin & John Martin Cry
20%
68 18 Weeks #12 Martin Garrix ft. Clinton Kane Drown
20%
100 10 Weeks #18 Dennis Kruissen ft. Andrew Langston Falling in Love
20%
78 12 Weeks #8 ILLENIUM, Excision & I Prevail Feel Something
20%
58 20 Weeks #12 Cannons Fire for You
20%
54 18 Weeks #9 Kygo with Avicii & Sandro Cavazza Forever Yours (Tribute)
20%
33 20 Weeks #9 Kygo & Zak Abel Freedom
20%
20 16 Weeks #7 Zedd & Jasmine Thompson Funny
20%
60 15 Weeks #12 Lady Gaga Fun Tonight
20%
95 11 Weeks #12 Porter Robinson Get Your Wish
20%
12 21 Weeks #5 ILLENIUM & Jon Bellion Good Things Fall Apart
20%
31 15 Weeks #9 GRiZ & Subtronics Griztronics
20%
89 13 Weeks #11 Martin Garrix ft. John Martin Higher Ground
20%
83 7 Weeks #9 Kygo & Donna Summer Hot Stuff
20%
34 19 Weeks #12 Sam Smith I Feel Love
20%
22 21 Weeks #5 Kygo & Sasha Sloan I'll Wait
20%
90 16 Weeks #21 Sofia Carson & R3HAB I Luv U
20%
56 9 Weeks #12 Loud Luxury & Bryce Vine I'm Not Alright
20%
65 14 Weeks #15 ILLENIUM & X Ambassadors In Your Arms
20%
51 20 Weeks #11 Robin Schulz ft. Alida In Your Eyes
20%
35 20 Weeks #9 Master KG ft. Burna Boy & Nomcebo Zikode Jerusalema
20%
23 23 Weeks #11 Major Lazer ft. Marcus Mumford Lay Your Head on Me
20%
24 20 Weeks #5 Kygo, Zara Larsson & Tyga Like It Is
20%
46 20 Weeks #14 Louis The Child, Quinn XCII & Chelsea Cutler Little Things
20%
21 26 Weeks #9 Lil XXEL LMK
20%
97 10 Weeks #21 twocolors Lovefool
20%
25 23 Weeks #8 Alesso & Liam Payne Midnight
20%
71 18 Weeks #24 Gryffin, Seven Lions & Noah Kahan Need Your Love
20%
30 10 Weeks #8 ILLENIUM Nightlight
20%
98 8 Weeks #11 Mr Eazi & Major Lazer ft. Nicki Minaj & K4mo Oh My Gawd
20%
63 20 Weeks #21 Galantis x Ship Wrek x Pink Sweat$ Only a Fool
20%
73 21 Weeks #25 Diplo & SIDEPIECE On My Mind
20%
88 3 Weeks #4 Jennifer Lopez ft. Pitbull On the Floor
20%
64 14 Weeks #15 Lady Gaga Plastic Doll
20%
85 15 Weeks #15 deadmau5 & The Neptunes Pomegranate
20%
50 21 Weeks #15 Sofi Tukker Purple Hat
20%
17 18 Weeks #6 Major Lazer & J Balvin ft. El Alfa Que Calor
20%
53 20 Weeks #16 Lady Gaga Replay
20%
2 48 Weeks #1 The Black Eyed Peas x J Balvin RITMO (Bad Boys for Life)
20%
75 14 Weeks #21 Flume ft. Vera Blue Rushing Back
20%
52 20 Weeks #19 Rasster Sad
20%
86 13 Weeks #25 Kygo & Zac Brown Someday
20%
41 24 Weeks #16 REZZ & Grabbitz Someone Else
20%
49 18 Weeks #15 JVLA Such a Whore
20%
18 18 Weeks #5 The Chainsmokers & ILLENIUM ft. Lennon Stella Takeaway
20%
38 20 Weeks #10 Flume ft. Toro y Moi The Difference
20%
87 7 Weeks #11 Kygo & Valerie Broussard The Truth
20%
69 20 Weeks #23 DVBBS, blackbear & 24kGoldn Tinted Eyes
20%
91 8 Weeks #19 VASSY Trouble
20%
39 19 Weeks #13 Martin Garrix ft. Dean Lewis Used to Love
20%
96 14 Weeks #24 NOTD & Daya Wanted
20%
93 6 Weeks #11 Teqkoi & Aiko You Broke My Heart Again
20%
No matching quizzes found
Score Distribution
Percent of People with Each Score
Percentile by Number Answered
Your Score History
You have not taken this quiz